000 00903nam a2200241Ia 4500
999 _c36070
_d36070
001 1970
003 GE_BSU
005 20221007110537.0
008 181216s2008ru xx |||||||||||||| ||rus||
020 _a9785911312787
040 _cGE_BSU
041 _arus
080 _a346(075.8) К-88
100 _aКудиноа,О.А.
_915126
245 _aПредпринимательское(хозяйственное) право :
_bУчебное пособие /
_cО.А. Кудиноа
250 _a2-е изд. доп. и перераб
264 _aМосква :
_bДашков и К,
_c2008.
300 _a268 стр. :
_b19 см.
653 _aПредпринимательское(хозяйственное) право
653 _aსამეწარმეო (ეკონომიკური) სამართალი
653 _aსამართალი
942 _cBK
_2udc